My Singing Monsters: Dawn of Fire Quiz - Statistics

General Stats
  • This quiz has been taken 70 times
  • The average score is 48 of 68
Answer Stats
Monster Element(s) Island(s) % Correct
Noggin Earth Party Island, Space Island
98%
Mammott Cold Party Island, Cave Island
96%
Tweedle Air Cloud Island
93%
Kayna Fire Party Island, Cave Island
91%
Potbelly Plant Party Island, Space Island
91%
Furcorn Plant / Cold Party Island, Space Island
87%
Toe Jammer Water Space Island
87%
Oaktopus Plant / Water Party Island, Cloud Island
85%
Pango Air / Cold Cloud Island
85%
PomPom Air / Earth / Cold Party Island, Space Island, Cloud Island
85%
Cybop Air / Earth Space Island
83%
Dandidoo Air / Plant Cloud Island
83%
Maw Water / Cold Party Island
83%
Quibble Air / Water Party Island, Cave Island
83%
Shrubb Plant / Earth Party Island
83%
Flowah Plant / Fire Space Island, Cave Island
80%
Fwog Earth / Water Cave Island
80%
Stogg Earth / Fire Party Island, Space Island
80%
Entbrat Plant / Earth / Water / Cold Cloud Island
78%
Glowl Air / Fire Cave Island
78%
Deedge Air / Plant / Water / Cold Space Island
76%
Drumpler Earth / Cold Space Island
76%
Phangler Water / Fire Cloud Island
76%
Spunge Air / Plant / Water Space Island
76%
Congle Air / Water / Cold Space Island
74%
Quarrister Air / Plant / Earth / Cold Party Island
74%
Riff Air / Earth / Water / Cold N.A.
74%
Shellbeat Air / Plant / Earth / Water Cloud Island, Cave Island
74%
Barrb Air / Plant / Fire Cave Island
72%
Boskus Cold / Fire Cloud Island
72%
Bowgart Plant / Water / Cold Space Island, Cave Island
72%
Thumpies Air / Plant / Cold Cave Island
72%
Clamble Plant / Earth / Cold Space Island
70%
Pummel Plant / Earth / Water Space Island
70%
Bisonorus Air / Plant / Water / Fire N.A.
67%
Incisaur Plant / Water / Cold / Fire Cloud Island
67%
Reedling Air / Plant / Earth Cloud Island
67%
Sooza Plant / Air / FIre Space Island
67%
Thrumble Earth / Water / Fire Cloud Island
67%
Yelmut AIr / Plant / Cold / Fire Cave Island
67%
Rootitoot Plant / Water / Fire Space Island
65%
Scups Air / Earth / Water Party Island
65%
T-Rox Earth / Water / Air Party Island
65%
Whaddle Air / Water / Fire Cloud Island
65%
Ziggurab Earth / Cold / Fire Party Island, Cloud Island
65%
Candelavra Air / Plant / Earth / Water / Fire Party Island, Space Island
63%
Repatillo Plant / Earth / Fire Space Island
63%
Wynq Water / Cold / Fire Cave Island
63%
Drummidary Air / Plant / Earth / Cold / Fire Cloud Island
61%
Edamimi Plant / Earth / Water / Fire Party Island
61%
Floogull Air / Earth / Fire Cave Island
61%
Sneyser Air / Water / Cold / Fire Space Island, Cloud Island
61%
Tring Air / Plant / Earth / Fire Space Island
61%
Woolabee Air / Cold / Fire Cloud Island
61%
Flum Ox Air / Earth / Water / Fire Cloud Island
59%
Krillby Air / Earth / Cold / Fire Cloud Island, Cave Island
59%
Galvana Celestial Starhenge
57%
Torrt Celestial Starhenge
54%
Furnoss Celestial Starhenge
52%
Plixie Celestial Starhenge
52%
Scaratar Celestial Starhenge
52%
Attmoz Celestial Starhenge
50%
Blasoom Celestial Starhenge
50%
Glaishur Celestial Starhenge
50%
Hornacle Celestial Starhenge
50%
Loodvigg Celestial Starhenge
50%
Syncopite Celestial Starhenge
50%
Vhamp Celestial Starhenge
48%
No matching quizzes found
Score Distribution
Percent of People with Each Score
Percentile by Number Answered
Your Score History
You have not taken this quiz